The female voice of myanmar : (Record no. 102868)

MARC details
000 -LEADER
fixed length control field 00667nam a22001937a 4500
005 - DATE AND TIME OF LATEST TRANSACTION
control field 20181212124415.0
010 ## - LCCN (DPL NO)
LC control number ENG-115845
020 ## - INTERNATIONAL STANDARD BOOK NUMBER
International Standard Book Number 9781107117860
Terms of availability 995.00
035 ## - SYSTEM CONTROL NUMBER
System control number EN-99377
037 ## - SOURCE OF ACQUISITION
Source of stock number/acquisition DBAD/PUB
082 ## - DEWEY DECIMAL CLASSIFICATION NUMBER
Classification number 305.4209591
100 ## - MAIN ENTRY--PERSONAL NAME
Personal name Sengupta,Nilanjana
245 ## - TITLE STATEMENT
Title The female voice of myanmar :
Remainder of title khin myo chit to aung san suu Kyi /
Statement of responsibility, etc Sengupta Nilanjana
260 ## - PUBLICATION, DISTRIBUTION, ETC. (IMPRINT)
Place of publication, distribution, etc New Delhi
Name of publisher, distributor, etc Cambridge University Press
Date of publication, distribution, etc 2015
270 ## - ADDRESS
Address 4843/24 2nd Floor Ansari Road,Daryaganj
City New Delhi
Postal code 110002
300 ## - PHYSICAL DESCRIPTION
Extent 383p. :
Dimensions 23cm(Hb)
Other physical details ill
500 ## - GENERAL NOTE
General note Includes bibliographical reference and index
942 ## - ADDED ENTRY ELEMENTS (KOHA)
Source of classification or shelving scheme Dewey Decimal Classification
Item type English Books
Classification part 305.4209591
Call number suffix SEN
Holdings
Withdrawn status Lost status Not for loan Collection code Home library Current library Date acquired Source of acquisition Cost, normal purchase price Full call number Barcode Copy number Cost, replacement price Koha item type
    Not For Loan Non-fiction D.B.Act.Division Bawana 26/08/2016 DBAD/PUB 995.00 305.4209591 SEN EN-99377 1 995.00 English Books

© Delhi Public Library
Hit Counter
free hit counter